000 00700cam a22002053a 4500
001 44345
003 PGUSA
005 20140828084019.0
008 131204s2013||||xxu|||||s|||||000 | eng d
040 _aPGUSA
_beng
042 _adc
100 1 _aGannon, W.
245 1 0 _aWonderful Development of Peter the Great's Pet Projects, according to His Last Will and Testament. :
_bAmerican Invention as an Aid to Russia's Grasp on Asiatic Territory.
_h[electronic resource] /
_cW. Gannon
260 _bProject Gutenberg,
_c2013
506 _aPublic domain in the USA.
516 _aElectronic text
830 0 _aProject Gutenberg
_v44345
856 4 0 _uhttp://www.gutenberg.org/ebooks/44345
942 _cEB
999 _c273596
_d273596